| 000 | 01853nam0a2200349 4500 | ||
|---|---|---|---|
| 001 | RU\NLR\bibl\1207448 | ||
| 005 | 20250615103535.0 | ||
| 010 |
_a978-5-87555-288-5 _91000 |
||
| 021 |
_aRU _b2008-7252 _9390 |
||
| 035 | _a(NLR Aleph) 001193896 | ||
| 090 |
_a1734625 _c1734625 |
||
| 100 | _a20080328d2007 |||y0rusy50 ca | ||
| 101 | 0 | _arus | |
| 102 | _aRU | ||
| 105 | _aa ||||||||| | ||
| 200 | 1 |
_aПроблемы синтеза эхо-сигналов в РЛС со сверхкоротким зондирующим радиоимпульсом и моделирования элементов сложной радиолокационной сцены _eмонография _fЛаврентьев А.М., Пискунов А.В., Сисигин И.В. [и др. _gпод общ. ред. д.т.н., проф. Скосырева В.Н.] _gМ-во обороны Рос. Федерации, Яросл. высш. зенит. ракет. уч-ще противовоздуш. обороны |
|
| 210 |
_aЯрославль _cИзд-во Ярославского государственного педагогического университета _d2007 |
||
| 215 |
_a191 с. _cил. _d20 |
||
| 320 | _aБиблиогр.: с. 161-170 (119 назв.) | ||
| 606 | 1 |
_aРадиолокационные станции импульсные _92511732 _3RU\NLR\auth\661488944 |
|
| 606 | 1 |
_aРадиолокационные сигналы сложные _xСинтез _92511736 _3RU\NLR\auth\661488946 |
|
| 686 | _aЗ95-5-041.71 | ||
| 701 | 1 |
_aЛаврентьев _bА. М. _4070 |
|
| 701 | 1 |
_aПискунов _bА. В. _4070 |
|
| 701 | 1 |
_aСисигин _bИ. В. _4070 |
|
| 702 | 1 |
_aСкосырев _bВ. Н. _4340 |
|
| 801 | 0 |
_aRU _bNLR _c20080328 _gRCR |
|
| 801 | 1 |
_aRU _bNLR _c20080328 |
|
| 942 | _cBOOK | ||
| 980 | _aNB | ||
| 980 | _aNBR | ||